00415nam a2200157 a 450000500170000000800410001702000160005805000200007424500250009426000570011930000230017644000130019965000100021265000110022265000240023320140513081047.0020924s19uu xx 00 eng d aCB990804001 aVCDbGo646 1999 aGood-day good night. aCubao, Quezon City :bMagnavision Home Video,c1999. a54 mins. ; colored aBarney's aSongs aRhymes aDay & night -- Film